• 首页
  • 本馆介绍
  • 公告通知
  • 最新文献
  • 馆藏检索
  • 电子资源
  • 读者导购
  • 参考咨询
  • 我的图书馆
  • 登录
  • 详细信息显示
  • 放入我的书架
  • 预约/预借图书
  • 作者相关作品
  • 分类相关作品
  • 丛书相关作品
  • 出版社相关作品

书目信息

  • 表格格式
  • 工作单格式
  • 卡片格式
题名:
波音鬼怪工厂
    
 
作者: 蒲小勃 , 许泽 主编
分册:  
出版信息: 北京   航空工业出版社  2013
页数: 229页
开本: 24cm
丛书名:
单 册:
中图分类: F471.265 , F471.2
科图分类:
主题词: 工业企业管理
电子资源:
ISBN: 978-7-5165-0152-8
000 01067nam0 2200301 450
001 2355696630
005 20231129010715.06
010    @a978-7-5165-0152-8@dCNY60.00
090    @aF471.2@bpxb
100    @a20140429d2013 em y0chiy50 ea
101 0  @achi
102    @aCN@b110000
105    @aa z 000yy
200 1  @a波音鬼怪工厂@Abo yin gui guai gong chang@f蒲小勃,许泽主编
210    @a北京@c航空工业出版社@d2013
215    @a229页@c图@d24cm
312    @a封面英文题名:Boeing phantom works
330    @a本书回顾了鬼怪工厂的发展历程,介绍了鬼怪工厂的组织机构、业务范围以及历任管理者,分析研究了鬼怪工厂研发飞行器的设计特点、性能参数及其发展前景,探讨了鬼怪工厂的管理与创新实践以及在飞行器研发、预先研究中所采用的试验技术与方法。
510 1  @aBoeing phantom works@zeng
601 02 @a波音飞机公司@x工业企业管理@x经验
601 02 @a波音飞机公司
606 0  @a工业企业管理
690    @aF471.265@v5
690    @aF471.2@v4
701  0 @a蒲小勃@Apu xiao bo@4主编
701  0 @a许泽@Axu ze@4主编
801  0 @aCN@bNLC@c20140429
905    @aZUCC@dF471.2@e8
    
    波音鬼怪工厂/蒲小勃,许泽主编.-北京:航空工业出版社,2013
    229页:图;24cm
    
    
    ISBN 978-7-5165-0152-8:CNY60.00
    本书回顾了鬼怪工厂的发展历程,介绍了鬼怪工厂的组织机构、业务范围以及历任管理者,分析研究了鬼怪工厂研发飞行器的设计特点、性能参数及其发展前景,探讨了鬼怪工厂的管理与创新实践以及在飞行器研发、预先研究中所采用的试验技术与方法。
●
相关链接 在五车中查询图书 在当当中查询图书 在豆瓣中查询图书


正题名:波音鬼怪工厂     索取号:F471.2/8         预约/预借

序号 登录号 条形码 馆藏地/架位号 状态 备注
1 2001000139   2001000139   第四书库/四6架A面6层3列/ [索取号:F471.2/8] 在馆    
2 2001000140   2001000140   第四书库/四6架A面6层3列/ [索取号:F471.2/8] 在馆    
3 2001000141   2001000141   第四书库/四6架A面6层3列/ [索取号:F471.2/8] 在馆    
4 2001000142   2001000142   第四书库/四6架A面6层3列/ [索取号:F471.2/8] 在馆    
5 2001000143   2001000143   第四书库/四6架A面6层3列/ [索取号:F471.2/8] 在馆    
6 2001000144   2001000144   第四书库/四6架A面6层3列/ [索取号:F471.2/8] 在馆    
山东省滨州职业学院图书馆 欢迎您!
大连网信软件有限公司© 版权所有